| 000 | 004380000a22001810004500 | ||
|---|---|---|---|
| 003 | MACL | ||
| 005 | 20160107152656.0 | ||
| 008 | 160107b xxu||||| |||| 00| 0 eng d | ||
| 040 |
_aMACL _cMACL |
||
| 041 | _aEnglish | ||
| 082 | _a824/WAL | ||
| 100 |
_aWalker, Hugh _928227 |
||
| 245 | _aThe English Essay And Essayists | ||
| 260 |
_bS Chand & Co. _c1966 _aDelhi |
||
| 350 | _a10 | ||
| 650 |
_aEssays _929295 |
||
| 942 |
_cBK _k824/Wal _2ddc |
||
| 999 |
_c36049 _d36049 |
||